000 01125nam2a22002651 4500
001 rc\4934949
005 20250612210041.0
035 _a(NLR Aleph) 008848251
090 _a8384252
_c8384252
100 _a20130426d1965 |||y0rusy50 ca
101 0 _arus
102 _aRU
105 _aa z |||||
200 1 _aНаземное оборудование
_f[Сост. инженеры: А.К. Куратник, Г.С. Пятницын, Я.М. Талалаев] [и др.]
210 _d1965
_aБ. м.
215 _a184 с.
_cил.
461 0 _1001rc\4934940
_12001#$aСамолет Ан-12А$eИллюстрированный каталог деталей$e[В 9 кн.]$eКн. 1-$vКн. 8
_98384201
_cМосква
_d1965
_nМашиностроение
_oИллюстрированный каталог деталей : [В 9 кн.] : Кн. 1-
_tСамолет Ан-12А
_vКн. 8
702 1 _aПятницын
_bГ.С.
_4220
702 1 _aТалалаев
_bЯ.М.
_4220
702 1 _aКуратник
_bА.К.
_4220
801 0 _aRU
_bNLR
_gpsbo
801 1 _aRU
_bELAR
_2rusmarc
852 _aNLR
_j50к/176
942 _cBOOK
980 _aNB